000 00277nam a22001337a 4500
008 170919b xxu||||| |||| 00| 0 eng d
020 _a1556700636
041 _aeng
080 _a7
100 _a44
101 _aART
245 _aI DREAM AWORLD
_cLANKER,B
942 _2udc
_cBK
999 _c28342
_d28342